Statistics for Moves to piece in chess

Click here to take the quiz!

General Stats

  • This quiz has been taken 84 times
    (70 since last reset)
  • The average score is 10 of 10

Answer Stats

Hint Answer % Correct
Forward any # of squaresRook
100%
Up one squarePawn
100%
Any direction one squareKing
98%
Moves up two squares if pieces first movePawn
98%
Makes an "L"Knight
98%
Any direction any # of squaresQueen
98%
Diagonal any # of squaresBishop
98%
Diagonal to take opponents piecePawn
97%
Switch place with rook if nothing inbetween themKing
94%
Moves up two, over one squareKnight
91%

Score Distribution

Percentile by Number Answered

Percent of People with Each Score

Your Score History

You have not taken this quiz since the last reset